Scientific method : (Registro nro. 5653)
[ vista simple ]
| 000 -CABECERA | |
|---|---|
| campo de control de longitud fija | 01002nam a22003010a 4500 |
| 001 - NÚMERO DE CONTROL | |
| campo de control | PT2784 |
| 003 - IDENTIFICADOR DEL NÚMERO DE CONTROL | |
| campo de control | AR-LpoUNG |
| 005 - FECHA Y HORA DE LA ÚLTIMA TRANSACCIÓN | |
| campo de control | 20210131230706.0 |
| 008 - DATOS DE LONGITUD FIJA--INFORMACIÓN GENERAL | |
| campo de control de longitud fija | 191001s1997||||xxk|||||||||||||||||spa d |
| 020 ## - NÚMERO INTERNACIONAL ESTÁNDAR DEL LIBRO | |
| Número Internacional Estándar del Libro | 0415122813 |
| Condiciones de disponibilidad | $12.60 |
| 040 ## - FUENTE DE LA CATALOGACIÓN | |
| Centro catalogador/agencia de origen | AR-LpoUNG |
| Lengua de catalogación | spa |
| Centro/agencia transcriptor | AR-LpoUNG |
| Normas de descripción | aacr |
| 041 ## - CÓDIGO DE LENGUA | |
| Código de lengua del texto/banda sonora o título independiente | spa |
| 044 ## - CÓDIGO DEL PAÍS DE LA ENTIDAD EDITORA/PRODUCTORA | |
| Código MARC del país | xxk |
| 082 0# - NÚMERO DE LA CLASIFICACIÓN DECIMAL DEWEY | |
| Número de clasificación | 502.8 722sc |
| 100 1# - ENTRADA PRINCIPAL--NOMBRE DE PERSONA | |
| Nombre de persona | Gower, Barri |
| 245 10 - MENCIÓN DE TÍTULO | |
| Título | Scientific method : |
| Resto del título | an historical and philosophical introduccion |
| 250 ## - MENCIÓN DE EDICIÓN | |
| Mención de edición | 1ª edición |
| 260 ## - PUBLICACIÓN, DISTRIBUCIÓN, ETC. | |
| Lugar de publicación, distribución, etc. | London : |
| Nombre del editor, distribuidor, etc. | Routledge, |
| Fecha de publicación, distribución, etc. | 1997. |
| 300 ## - DESCRIPCIÓN FÍSICA | |
| Extensión | 274 p. : |
| Otras características físicas | gráfs., il., mapas |
| 520 ## - SUMARIO, ETC. | |
| Sumario, etc. | Intoduce a la lectura de controvercias concernientes a los métodos de las ciencias naturales. Se transforma en una lectura escencial para los estudiantes de filosofía de las ciencias. |
| 650 #4 - PUNTO DE ACCESO ADICIONAL DE MATERIA--TÉRMINO DE MATERIA | |
| Término de materia o nombre geográfico como elemento de entrada | EXPERIMENTACION |
| 650 #4 - PUNTO DE ACCESO ADICIONAL DE MATERIA--TÉRMINO DE MATERIA | |
| Término de materia o nombre geográfico como elemento de entrada | INFORMACION CIENTIFICA |
| 650 #4 - PUNTO DE ACCESO ADICIONAL DE MATERIA--TÉRMINO DE MATERIA | |
| Término de materia o nombre geográfico como elemento de entrada | METODOS DE INVESTIGACION |
| 650 #4 - PUNTO DE ACCESO ADICIONAL DE MATERIA--TÉRMINO DE MATERIA | |
| Término de materia o nombre geográfico como elemento de entrada | POLITICA CIENTIFICA |
| 651 #4 - PUNTO DE ACCESO ADICIONAL DE MATERIA--NOMBRE GEOGRÁFICO | |
| Nombre geográfico | DOCUMENTOS TEORICOS O METODOLOGICOS |
| 905 ## - ELEMENTOS DE DATOS E LOCAL, LDE (RLIN) | |
| a | 2784 |
| 942 ## - ELEMENTOS DE PUNTO DE ACCESO ADICIONAL (KOHA) | |
| Tipo de ítem Koha | Libro |
| Estado de retiro | Estado de pérdida | Estado dañado | No para préstamo | Código de colección | Localización permanente | Ubicación/localización actual | Fecha de adquisición | Total de préstamos | Signatura topográfica completa | Código de barras | Fecha visto por última vez | Precio válido a partir de | Tipo de ítem Koha |
|---|---|---|---|---|---|---|---|---|---|---|---|---|---|
| Colección General | Biblioteca Universidad Nacional de General Sarmiento | Biblioteca Universidad Nacional de General Sarmiento | 31/01/2021 | 502.8 722sc | 00004366 | 31/01/2021 | 31/01/2021 | Libro |